000 01632nam2a2200265 4500
001 RU\NLR\BIBL_A\022690399
005 20260113114532.0
010 _a978-5-6053480-2-3
_bт. 13
_9500
021 _aRU
_bКН-П-25-062341
_9КН-П-25-6026
035 _a(NLR Aleph) 022690399
090 _a13507713
_c13507713
100 _a20251218d2025 u y0rusy50 ca
101 0 _arus
102 _aRU
105 _aac z 000zy
200 1 _aКрик дельфина
_eроман, повести, очерки, дневники, исторические миниатюры
_fидея издания Д. А. Глазунова
_gпортрет автора работы художника А. Г. Потехина
_gиспользованы работы художника И. В. Глазуновой
210 _d2025
215 _a599 с.
_cил., портр.
461 0 _1001RU\NLR\BIBL_A\012407462
_12001#$aСобрание сочинений$e[в 11 томах]$fН. А. Черкашин$g[главный редактор: П. Жарская$gхудожники: К. А. Ермоленко, И. В. Глазунова]$vТ. 13
_1700#1$aЧеркашин$bН. А.$f1946-$gНиколай Андреевич$3RU\NLR\AUTH\77120216
_911758100
_aЧеркашин, Н. А. (1946-)
_cСанкт-Петербург
_d2020–
_fН. А. Черкашин
_nДескрипта
_o[в 11 томах]
_tСобрание сочинений
_y978-5-6044590-1-0
_vТ. 13
702 1 _aГлазунов
_bД. А.
_4245
702 1 _aПотехин
_bА. Г.
_4040
942 _cBOOK
980 _aNB